Coupe du Monde 1966 - Un Joueur par équipe - Statistiques

Statistiques générales
  • Ce quiz a été pris 60 fois
  • Le résultat moyen est 10 sur 16
Statistiques - réponses
Hint Réponse % Correct
Franz Beckenbauer Allemagne de l'Ouest
98%
Jairzinho Brésil
91%
Pak Doo-ik Corée du Nord
89%
Philippe Gondet France
89%
Gordon Banks Angleterre
87%
Eusébio Portugal
83%
Sandro Mazzola Italie
80%
Carmelo Simeone Argentine
67%
Lajos Tichy Hongrie
59%
Jean-Claude Schindelholz Suisse
57%
Valeriy Porkujan URSS
54%
Stefan Abadzhiev Bulgarie
39%
Salvador Reyes Mexique
39%
Pirri Espagne
37%
Domingo Pérez Uruguay
26%
Jaime Ramírez Chili
17%
Aucun quiz correspondant
Distribution des résultats
% des personnes avec chaque résultat
Percentile par nombre de réponses
Votre historique - résultats
Vous n’avez pas pris ce quiz